[Event "2nd Cambridge Int Open"]
[Site "Cambridge ENG"]
[Date "2024.02.23"]
[Round "7.9"]
[White "Hanley, Craig A"]
[Black "Fava, Lorenzo"]
[Result "1/2-1/2"]
[WhiteTitle "IM"]
[WhiteElo "2431"]
[BlackElo "2140"]
[WhiteFideId "408514"]
[BlackFideId "2837434"]
[EventDate "2024.02.19"]

1. Nf3 d5 2. d4 e6 3. e3 Nf6 4. Bd3 c5 5. b3 Nbd7 6. O-O Bd6 7. Bb2 Qc7 8. Nbd2
e5 9. dxe5 Nxe5 10. Nxe5 Bxe5 11. Bb5+ Bd7 12. Bxe5 Qxe5 13. Bxd7+ Nxd7 14. c4
Nf6 15. Nf3 Qe6 16. b4 dxc4 17. bxc5 O-O 18. Rb1 Rac8 19. Nd4 Qd5 20. c6 bxc6
21. Qc2 Rb8 22. Rbc1 Ne4 23. Rfd1 Nd6 24. Nf3 Qc5 25. h4 h6 26. Rd4 Qa3 27. Qd1
Nf5 28. Rdxc4 Qxa2 29. Ra4 Qe6 30. Qc2 Rfc8 31. Qc5 Rb5 32. Qxa7 Rcb8 33. Nd4
Nxd4 34. Qxd4 Rb1 35. Rxb1 Rxb1+ 36. Kh2 Rb8 37. Qc5 Rb5 38. Ra8+ Kh7 39. Qc2+
Qg6 40. e4 Re5 41. Ra4 Qg4 42. g3 Qf3 43. Rc4 f5 44. Rc3 Qxe4 45. Qxe4 Rxe4 46.
Rxc6 1/2-1/2

[Event "2nd Cambridge Int Open"]
[Site "Cambridge ENG"]
[Date "2024.02.23"]
[Round "7.10"]
[White "Dierssen Garcia-Barredo, Guiller"]
[Black "Roberson, Peter T"]
[Result "0-1"]
[BlackTitle "IM"]
[WhiteElo "1937"]
[BlackElo "2426"]
[WhiteFideId "22298274"]
[BlackFideId "412384"]
[EventDate "2024.02.19"]

1. e4 c5 2. Nc3 Nc6 3. f4 g6 4. Nf3 Bg7 5. Bb5 Nd4 6. O-O a6 7. Bc4 b5 8. Bd5
Rb8 9. d3 e6 10. Bb3 Ne7 11. Nxd4 cxd4 12. Ne2 O-O 13. Qe1 d5 14. e5 Nc6 15. Qf2
Qb6 16. Bd2 Bd7 17. Kh1 f6 18. exf6 Bxf6 19. Ng1 a5 20. a4 bxa4 21. Rxa4 Ra8 22.
Rfa1 Rfc8 23. f5 gxf5 24. Qg3+ Kh8 25. Qd6 Qc7 26. Qxc7 Rxc7 27. Bxa5 Rb7 28.
Bd2 Rxa4 29. Rxa4 Ne5 30. Ra6 Nxd3 31. Ne2 Nc5 32. Bxd5 exd5 33. Rxf6 Ne4 34.
Rf7 Nxd2 35. b3 Kg8 36. Re7 d3 37. cxd3 Nxb3 38. Nf4 Nd4 39. Kg1 Bc6 40. Re5 Kf8
41. Kf2 Re7 42. Re3 Rxe3 43. Kxe3 Nb5 44. Nh5 Kf7 45. Kf4 Kg6 46. Ng3 Nd6 47.
Ke5 Nf7+ 48. Ke6 Nh6 49. Ne2 Kg5 50. Kd6 Bb5 51. Nc1 Ng4 52. Kxd5 Nxh2 53. Kd4
Ng4 54. Ne2 f4 55. Ng1 Bc6 56. Nf3+ Bxf3 57. gxf3 Nf6 58. Ke5 h5 0-1

[Event "2nd Cambridge Int Open"]
[Site "Cambridge ENG"]
[Date "2024.02.23"]
[Round "7.11"]
[White "Rida, Ruqayyah"]
[Black "Wells, Peter K"]
[Result "1/2-1/2"]
[BlackTitle "GM"]
[WhiteElo "1770"]
[BlackElo "2343"]
[WhiteFideId "343272375"]
[BlackFideId "400327"]
[EventDate "2024.02.19"]

1. e4 e5 2. Nf3 Nc6 3. Bc4 Nf6 4. d3 Be7 5. O-O O-O 6. Re1 d6 7. a4 Na5 8. Ba2
c5 9. c3 Nc6 10. h3 h6 11. d4 cxd4 12. cxd4 exd4 13. Nxd4 d5 14. exd5 Nb4 15.
Bc4 Nfxd5 16. Nc3 Bf6 17. Qb3 Nb6 18. Nf3 a5 19. Be3 Nxc4 20. Qxc4 Qd3 21. Qxd3
Nxd3 22. Re2 Bxc3 23. bxc3 Re8 24. Rd2 Bf5 25. Nd4 Bg6 26. Nb5 Rec8 1/2-1/2

[Event "2nd Cambridge Int Open"]
[Site "Cambridge ENG"]
[Date "2024.02.23"]
[Round "7.12"]
[White "York-Weaving, Richard"]
[Black "Pereslavtsev, Alexandr"]
[Result "1-0"]
[WhiteTitle "FM"]
[WhiteElo "2343"]
[BlackElo "1696"]
[WhiteFideId "401161"]
[BlackFideId "343401449"]
[EventDate "2024.02.19"]

1. e4 c5 2. Nf3 e6 3. d4 cxd4 4. Nxd4 Qb6 5. Nb3 Qc7 6. Nc3 a6 7. Bd3 Nf6 8. O-O
Nc6 9. f4 d6 10. Qf3 b5 11. Bd2 Bb7 12. Rae1 Rd8 13. Kh1 Be7 14. Qg3 e5 15. Nd5
Nxd5 16. exd5 Nd4 17. Nxd4 exd4 18. Qxg7 Rf8 19. f5 f6 20. Bh6 Rf7 21. Qg8+ Kd7
22. Qxf7 Re8 23. Re4 Qc5 24. Rfe1 Bxd5 25. Rxe7+ Rxe7 26. Rxe7+ Kc6 27. Qe8+ Kb6
28. Qd8+ Kc6 29. Qc7# 1-0

[Event "2nd Cambridge Int Open"]
[Site "Cambridge ENG"]
[Date "2024.02.23"]
[Round "7.13"]
[White "Payne, Matthew J"]
[Black "Pert, Richard G"]
[Result "0-1"]
[BlackTitle "IM"]
[WhiteElo "2089"]
[BlackElo "2413"]
[WhiteFideId "417084"]
[BlackFideId "404748"]
[EventDate "2024.02.19"]

1. e4 c5 2. Nc3 Nc6 3. Bb5 Nd4 4. Nf3 g6 5. Bc4 Bg7 6. Nxd4 cxd4 7. Qf3 e6 8.
Nb5 d5 9. exd5 a6 10. dxe6 fxe6 11. Na3 Nf6 12. O-O O-O 13. d3 Nd5 14. Qg3 Rf5
15. Re1 b5 16. Bb3 Ra7 17. Qb8 Rb7 18. Qa8 Be5 19. f4 Nc7 20. Bxe6+ Nxe6 21.
Qxa6 Nxf4 22. Rxe5 Rxe5 23. Bxf4 Rf7 24. Qxc8 Qxc8 25. Bxe5 Qc5 26. Bg3 Qb4 27.
Rb1 Re7 28. Kf1 Qd2 29. Be1 Rf7+ 0-1

[Event "2nd Cambridge Int Open"]
[Site "Cambridge ENG"]
[Date "2024.02.23"]
[Round "7.14"]
[White "Ward, Ieuan C"]
[Black "Golubovic, Boris"]
[Result "1/2-1/2"]
[BlackTitle "IM"]
[WhiteElo "2028"]
[BlackElo "2342"]
[WhiteFideId "406627"]
[BlackFideId "14502160"]
[EventDate "2024.02.19"]

1. e4 c5 2. Nf3 a6 3. c3 d5 4. exd5 Qxd5 5. d4 e6 6. Be2 Nf6 7. O-O Be7 8. Be3
Nbd7 9. c4 Qd6 10. Nc3 O-O 11. dxc5 Qxd1 12. Rfxd1 Bxc5 13. Bxc5 Nxc5 14. Ne5
Ncd7 15. Nxd7 Bxd7 16. Bf3 Rab8 17. Ne4 Nxe4 18. Rxd7 Nc5 19. Rc7 b6 20. b4 Nd3
21. a3 a5 22. Rd1 Ne5 23. Be2 axb4 24. axb4 Rfc8 25. Rxc8+ Rxc8 26. Rd6 1/2-1/2

[Event "2nd Cambridge Int Open"]
[Site "Cambridge ENG"]
[Date "2024.02.23"]
[Round "7.15"]
[White "Rushbrooke, Remy"]
[Black "Pozzari, Simone"]
[Result "1/2-1/2"]
[WhiteElo "2049"]
[BlackElo "2290"]
[WhiteFideId "443590"]
[BlackFideId "2831282"]
[EventDate "2024.02.19"]

1. Nf3 c5 2. g3 Nc6 3. c4 e5 4. Nc3 g6 5. Bg2 Bg7 6. d3 Nge7 7. Nd2 d6 8. Nf1
Be6 9. Ne3 Qd7 10. a3 Bh3 11. O-O Bxg2 12. Kxg2 f5 13. Ned5 O-O 14. Bg5 Nxd5 15.
cxd5 Nd4 16. e3 Nb5 17. Qa4 a6 18. Qh4 Rf7 19. Bh6 Bxh6 20. Qxh6 Nxc3 21. bxc3
f4 22. Rab1 Raf8 23. e4 Qa4 24. Rb6 Qc2 25. Rxd6 fxg3 26. Rxg6+ hxg6 27. Qxg6+
Rg7 28. Qe6+ Rff7 29. Qc8+ Rf8 30. Qe6+ Kh7 31. Qh3+ Kg6 32. Qg4+ Kh7 33. Qh3+
Kg8 34. Qe6+ 1/2-1/2

[Event "2nd Cambridge Int Open"]
[Site "Cambridge ENG"]
[Date "2024.02.23"]
[Round "7.36"]
[White "Keohane, Ben"]
[Black "Orton, Stephen L A"]
[Result "1-0"]
[WhiteElo "1926"]
[BlackElo "2154"]
[WhiteFideId "433950"]
[BlackFideId "414921"]
[EventDate "2024.02.19"]

1. b3 e5 2. Bb2 d6 3. e4 Nc6 4. Nc3 Nf6 5. f4 Bg4 6. Be2 h5 7. h3 Bxe2 8. Qxe2
Nd4 9. Qd3 Nd7 10. O-O-O c6 11. Nf3 Nxf3 12. Qxf3 Be7 13. g4 h4 14. Rhf1 a5 15.
Ne2 Rf8 16. d4 Qc7 17. fxe5 dxe5 18. d5 a4 19. Nc3 axb3 20. axb3 Nc5 21. Kb1 g6
22. Qf2 Qa5 23. Qe3 O-O-O 24. Na2 Na6 25. dxc6 Bc5 26. cxb7+ Kxb7 27. Qc3 Nb4
28. Nxb4 Ra8 29. Rd7+ Kc8 30. Rd5 1-0

[Event "2nd Cambridge Int Open"]
[Site "Cambridge ENG"]
[Date "2024.02.23"]
[Round "7.37"]
[White "Mihalik, Agoston"]
[Black "Lazarus, Simon E"]
[Result "1/2-1/2"]
[WhiteElo "2146"]
[BlackElo "1845"]
[WhiteFideId "719021"]
[BlackFideId "343408451"]
[EventDate "2024.02.19"]

1. e4 c5 2. Nf3 Nc6 3. Bb5 g6 4. O-O Bg7 5. c3 Nf6 6. Re1 O-O 7. d4 d5 8. e5 Ne4
9. Bxc6 bxc6 10. Be3 cxd4 11. cxd4 Qb6 12. Qc1 Rb8 13. b3 f6 14. Nc3 Nxc3 15.
Qxc3 Bg4 16. exf6 exf6 17. Bf4 Rbc8 18. Bd6 Rfe8 19. Rac1 Bxf3 20. gxf3 f5 21.
Rxe8+ Rxe8 22. Be5 Re6 23. f4 Bf8 24. Rc2 a5 25. Re2 Qb4 26. Qc2 Qb5 27. Re3 Kf7
28. Kg2 Bb4 29. Rh3 Kg8 30. Rg3 Kf7 31. Qd1 Be7 32. Rh3 h5 33. Rg3 Bh4 34. Re3
Be7 35. Kf3 Bb4 36. Qc1 Qb7 37. Kg3 Qe7 38. Qd1 Qb7 39. Kg2 Qd7 40. Rg3 Be7 41.
Qe2 Qb7 42. Re3 Bb4 43. Qc2 Bf8 44. Rg3 Qb5 45. Re3 Bb4 46. Qc1 Bf8 47. a3 Be7
48. Kf3 Bf8 49. Rc3 Be7 50. Ke3 Bf8 51. a4 Qb7 52. Rd3 Bb4 53. Kf3 Qd7 54. Kg2
Re8 55. Re3 Re6 56. Qd1 Bf8 57. Rg3 Qb7 58. Qe2 Be7 59. Re3 Bb4 60. Kg3 Bf8 61.
Kh3 Bb4 62. Kg2 Bf8 63. Bh8 Rxe3 64. Qxe3 Qe7 65. Be5 Qb7 66. Qc3 Bb4 67. Qd3
Bf8 68. Qe3 Bb4 69. Qg3 Be7 70. Qd3 Bb4 71. Bh8 Qe7 72. Be5 Qb7 73. Qe3 Qc8 74.
Kg3 Be7 75. Kf3 Bb4 76. Ke2 Be7 77. Kd2 Bb4+ 78. Kc2 Be7 79. Bg7 Qe6 80. Be5 Qc8
81. Qd3 Bb4 82. Kd1 Bf8 83. Qe3 Bb4 84. Ke2 Qe6 85. Bc7 Qe4 86. Bb6 Qc2+ 87. Kf3
Qd1+ 88. Kg2 Qg4+ 89. Qg3 Qxg3+ 90. fxg3 Ke6 91. Kf3 Kf7 92. Ke3 Ke6 93. Kd3 Kd6
94. Bd8 Kd7 95. Bb6 Kd6 96. Ke3 Ke6 97. h3 Kd6 98. Bd8 Ke6 99. Kf3 Bc3 100. Bb6
Bb4 101. g4 hxg4+ 102. hxg4 Bd2 103. Bc5 fxg4+ 104. Kxg4 Bc3 105. Kg5 Kf7 106.
Bb6 Bd2 107. Bc7 Bc3 108. Be5 Bd2 109. Bc7 Bc3 110. f5 gxf5 111. Kxf5 Bxd4 112.
Bxa5 Ke7 113. Bd2 Kd7 114. b4 Bf2 115. Bc3 Bh4 116. Bd2 Be7 117. b5 cxb5 118.
axb5 d4 119. Ke5 Bc5 120. Kd5 Bb6 1/2-1/2

[Event "2nd Cambridge Int Open"]
[Site "Cambridge ENG"]
[Date "2024.02.23"]
[Round "7.39"]
[White "Yu, Rock"]
[Black "Crocker, Philip J"]
[Result "1/2-1/2"]
[WhiteElo "1817"]
[BlackElo "2137"]
[WhiteFideId "489000"]
[BlackFideId "403180"]
[EventDate "2024.02.19"]

1. e4 e5 2. Nf3 Nc6 3. c3 d5 4. Qa4 f6 5. d3 Ne7 6. b4 Be6 7. b5 Nb8 8. Nbd2 Nd7
9. Qc2 g5 10. h3 Ng6 11. exd5 Bxd5 12. g3 Be7 13. c4 Bxf3 14. Nxf3 Nc5 15. Be3
Ne6 16. Bg2 Bb4+ 17. Bd2 Bxd2+ 18. Qxd2 Qd6 19. Qe3 Rd8 20. O-O-O Qa3+ 21. Kb1
Qb4+ 22. Ka1 Qc3+ 23. Kb1 Qb4+ 24. Ka1 Qc3+ 25. Kb1 Qb4+ 1/2-1/2

[Event "2nd Cambridge Int Open"]
[Site "Cambridge ENG"]
[Date "2024.02.23"]
[Round "7.44"]
[White "Hutchinson, Norman A"]
[Black "Alderson, John K A"]
[Result "1-0"]
[WhiteElo "1962"]
[BlackElo "1788"]
[WhiteFideId "411540"]
[BlackFideId "422711"]
[EventDate "2024.02.19"]

1. e4 c6 2. d4 d5 3. e5 c5 4. dxc5 e6 5. a3 Bxc5 6. b4 Be7 7. Nf3 Nd7 8. Bb2 Qc7
9. Bd3 f6 10. O-O Nh6 11. Re1 O-O 12. Qe2 Nxe5 13. Nxe5 fxe5 14. Bxe5 Bd6 15.
Nd2 Bxe5 16. Qxe5 Qxe5 17. Rxe5 Nf7 18. Re2 e5 19. c4 Be6 20. cxd5 Bxd5 21. Be4
Rad8 22. Nf3 Bxe4 23. Rxe4 Rfe8 24. Rae1 Kf8 25. Kf1 Rd5 26. a4 g6 27. g4 g5 28.
Kg2 Kg7 29. Rc4 Kf6 30. Rc7 Re7 31. Rec1 h6 32. R1c5 Rdd7 33. Rc8 Rd8 34. Rxd8
Nxd8 35. Nd2 Nf7 36. Ne4+ Ke6 37. Rc3 Nd6 38. Ng3 e4 39. Kf1 Kd5 40. Rc5+ Ke6
41. Rc3 Kf6 42. Ke2 Ke5 43. Ke3 Kf6 44. Rc5 Ke6 45. Nxe4 Nxe4 46. Kxe4 Kd6+ 47.
Kf5 Rf7+ 48. Kg6 Rxf2 49. Kxh6 Rxh2+ 50. Kxg5 Rb2 51. Rc4 Ra2 52. b5 b6 53. Kf5
Kd5 54. Rf4 Kc5 55. g5 Rd2 56. g6 Rd5+ 57. Kf6 Rd6+ 58. Kg5 Rd8 59. g7 1-0

[Event "2nd Cambridge Int Open"]
[Site "Cambridge ENG"]
[Date "2024.02.23"]
[Round "7.48"]
[White "Berkley, Stephen W"]
[Black "McMahon, Paul"]
[Result "1/2-1/2"]
[WhiteElo "1667"]
[BlackElo "1862"]
[WhiteFideId "486850"]
[BlackFideId "408212"]
[EventDate "2024.02.19"]

1. d4 d5 2. c4 e6 3. Nc3 Nf6 4. Nf3 Nbd7 5. Bf4 c6 6. e3 Be7 7. Bd3 dxc4 8. Bxc4
Nd5 9. Nxd5 exd5 10. Bd3 Qa5+ 11. Nd2 Nf6 12. O-O Be6 13. h3 Rc8 14. a3 Nd7 15.
b4 Qb6 16. Nb3 h5 17. Nc5 Nxc5 18. bxc5 Qd8 19. Qb3 g5 20. Be5 f6 21. Bg3 h4 22.
Bh2 Qd7 23. Rfb1 b5 24. cxb6 axb6 25. Qxb6 Bxh3 26. Qb7 Qg4 27. Qxc8+ Qxc8 28.
Rb8 Qxb8 29. Bxb8 Bd7 30. a4 Kf7 31. Bh2 Ra8 32. a5 c5 33. dxc5 Bxc5 34. a6 Ke7
35. Ra5 Bb6 1/2-1/2

[Event "2nd Cambridge Int Open"]
[Site "Cambridge ENG"]
[Date "2024.02.23"]
[Round "7.49"]
[White "Maton, Emily"]
[Black "Baguley, John"]
[Result "1-0"]
[WhiteElo "1703"]
[BlackElo "1790"]
[WhiteFideId "343120293"]
[BlackFideId "436755"]
[EventDate "2024.02.19"]

1. d4 Nf6 2. Bf4 d6 3. Nc3 g6 4. e4 Bg7 5. Qd2 O-O 6. O-O-O Nbd7 7. f3 a6 8. Bh6
c5 9. d5 b5 10. Kb1 b4 11. Nce2 a5 12. h4 Ne5 13. Bxg7 Kxg7 14. h5 Nc4 15. Qc1
Rb8 16. g4 Ba6 17. hxg6 fxg6 18. Nf4 Na3+ 19. bxa3 bxa3+ 20. Ka1 Bc8 21. Qxa3
Nxe4 22. fxe4 Rxf4 23. Qh3 Qh8 24. Qc3+ Kg8 25. Qxh8+ Kxh8 26. Re1 Rxg4 27. Bh3
Rh4 28. Bg2 Rg4 29. Bf3 Rf4 30. Re3 a4 31. Ne2 Rf7 32. Nc3 Bd7 33. Bg2 Rbf8 34.
Kb2 Rb8+ 35. Ka3 Rf2 36. Bh3 Be8 37. Rc1 h5 38. Bf1 Kg7 39. Bd3 g5 40. e5 g4 41.
exd6 exd6 42. Ne4 Rg2 43. Nxd6 Bg6 44. Nf5+ Kf6 45. Re6+ Kg5 46. Rxg6+ Kxg6 47.
Nh4+ 1-0

[Event "2nd Cambridge Int Open"]
[Site "Cambridge ENG"]
[Date "2024.02.23"]
[Round "7.50"]
[White "Bowers, Francis J"]
[Black "Latypova, Olga L"]
[Result "0-1"]
[WhiteElo "1732"]
[BlackElo "1684"]
[WhiteFideId "438383"]
[BlackFideId "472476"]
[EventDate "2024.02.19"]

1. e4 e5 2. Nf3 Nc6 3. d4 exd4 4. Bc4 Bc5 5. c3 Nf6 6. e5 d5 7. exf6 dxc4 8.
fxg7 Rg8 9. cxd4 Nxd4 10. Nxd4 Qxd4 11. Qxd4 Bxd4 12. O-O Rxg7 13. Re1+ Be6 14.
Nc3 O-O-O 15. Be3 Bxe3 16. Rxe3 Rd2 17. Re2 Rxe2 18. Nxe2 Rg8 19. Nf4 Rd8 20.
Nxe6 fxe6 21. a3 Rd2 22. Rb1 c3 23. bxc3 Ra2 24. g4 Rxa3 25. Rc1 a5 26. h4 Ra4
27. f3 Rc4 28. Kf2 b5 29. Ra1 a4 30. Ra3 c5 31. Kg3 e5 32. g5 Kb7 33. h5 Rf4 34.
c4 Rxc4 35. g6 hxg6 36. hxg6 Rd4 37. g7 Rd8 38. Rd3 Rg8 39. Rd7+ Kc6 40. Rf7 Kd6
41. Kg4 Ke6 42. Rb7 b4 43. Kg5 a3 44. Kg6 a2 45. Ra7 b3 46. Kh7 Rxg7+ 47. Kxg7
b2 48. Rxa2 b1=Q 49. Ra6+ Kd5 50. Rf6 c4 51. f4 exf4 52. Rxf4 c3 53. Kf6 c2 54.
Rf5+ Kd4 55. Rf4+ Ke3 56. Kg5 c1=Q 57. Rf6 Qg1+ 58. Kh6 Qh2+ 59. Kg7 Qbh7+ 60.
Kf8 Qb8# 0-1

[Event "2nd Cambridge Int Open"]
[Site "Cambridge ENG"]
[Date "2024.02.23"]
[Round "7.51"]
[White "Smart, Michael R"]
[Black "Chan, Michelle (Ngo Yu)"]
[Result "1/2-1/2"]
[WhiteElo "1943"]
[BlackElo "1681"]
[WhiteFideId "411370"]
[BlackFideId "66202299"]
[EventDate "2024.02.19"]

1. e4 e5 2. d4 exd4 3. c3 Qe7 4. Qxd4 Nf6 5. Bd3 d5 6. Bg5 c5 7. Bxf6 cxd4 8.
Bxe7 Bxe7 9. exd5 dxc3 10. Nxc3 O-O 11. Nge2 Nd7 12. O-O Ne5 13. Be4 f5 14. Bc2
a6 15. Bb3 Bd6 16. Rad1 b5 17. a3 Bd7 18. Nd4 Nc4 19. Bxc4 bxc4 20. Rfe1 Rab8
21. Re2 1/2-1/2

[Event "2nd Cambridge Int Open"]
[Site "Cambridge ENG"]
[Date "2024.02.23"]
[Round "7.52"]
[White "Blauhut, Anna"]
[Black "Gardner, Phillip K"]
[Result "1-0"]
[WhiteElo "1532"]
[BlackElo "1769"]
[WhiteFideId "1550128"]
[BlackFideId "413690"]
[EventDate "2024.02.19"]

1. e4 c5 2. Nf3 d6 3. Bb5+ Bd7 4. Bxd7+ Qxd7 5. c4 Nc6 6. d4 cxd4 7. Nxd4 g6 8.
Nc3 Bg7 9. Be3 Nf6 10. f3 O-O 11. O-O Ne8 12. Rc1 Nc7 13. b3 Rfd8 14. Nxc6 bxc6
15. Qd2 Qe8 16. Rfd1 Ne6 17. Qc2 Qf8 18. f4 f5 19. Ne2 Bh6 20. g3 Bg7 21. Kg2
Qf7 22. Ng1 Rf8 23. Nf3 h6 24. Re1 Nc7 25. exf5 gxf5 26. Bf2 c5 27. Re2 Rae8 28.
Rf1 e6 29. Rd1 Qd7 30. Nh4 Qd8 31. Kg1 Bf6 32. Ng2 Rf7 33. Bxc5 d5 34. cxd5 Nxd5
35. Ne3 Rd7 36. Rc1 Nc3 37. Rg2 Ne4 38. b4 Bc3 39. Rd1 Bd2 40. Kh1 Qa8 41. Nc4
Red8 42. Ne5 Rc7 43. Qb3 Rd5 44. Nf3 Nxc5 45. bxc5 Be3 46. Rxd5 exd5 47. Qxe3 1-0

[Event "2nd Cambridge Int Open"]
[Site "Cambridge ENG"]
[Date "2024.02.23"]
[Round "8.2"]
[White "Adams, Michael"]
[Black "Fernandez, Daniel Howard"]
[Result "1-0"]
[WhiteTitle "GM"]
[BlackTitle "GM"]
[WhiteElo "2673"]
[BlackElo "2526"]
[WhiteFideId "400041"]
[BlackFideId "5801605"]
[EventDate "2024.02.19"]

1. e4 c6 2. d4 d5 3. e5 Bf5 4. Nf3 e6 5. Be2 c5 6. O-O Nc6 7. c3 a6 8. Be3 Qb6
9. Qd2 Bg4 10. Rd1 h5 11. c4 dxc4 12. Na3 Qa5 13. dxc5 Qxd2 14. Rxd2 c3 15. bxc3
Nge7 16. Nc4 Nd5 17. Bd4 f6 18. h3 Bf5 19. Re1 h4 20. Bd1 Be7 21. Bb3 Kf7 22.
Nd6+ Bxd6 23. cxd6 Rad8 24. Bxd5 exd5 25. Bb6 Rd7 26. exf6 gxf6 27. Rxd5 Be6 28.
Rd2 Rh5 29. Bc7 b5 30. a3 Rc5 31. Nd4 Nxd4 32. Rxd4 Rxc3 33. Rde4 Bf5 34. Re7+
Kf8 35. Re8+ Kf7 36. R1e7+ 1-0

[Event "2nd Cambridge Int Open"]
[Site "Cambridge ENG"]
[Date "2024.02.23"]
[Round "8.3"]
[White "Sonis, Francesco"]
[Black "Wadsworth, Matthew J"]
[Result "1/2-1/2"]
[WhiteTitle "GM"]
[BlackTitle "IM"]
[WhiteElo "2570"]
[BlackElo "2444"]
[WhiteFideId "895733"]
[BlackFideId "415804"]
[EventDate "2024.02.19"]

1. d4 d5 2. c4 c6 3. Nf3 Nf6 4. e3 Bf5 5. Nc3 e6 6. Nh4 Be4 7. f3 Bg6 8. Qb3 Qb6
9. Nxg6 hxg6 10. Bd2 Nbd7 11. O-O-O Qxb3 12. axb3 O-O-O 13. Kc2 a6 14. Bd3 Bd6
15. h3 Kb8 16. Be1 Bc7 17. Bf2 c5 18. dxc5 Nxc5 19. Be2 dxc4 20. bxc4 e5 21. h4
Ne6 22. g4 Rxd1 23. Rxd1 g5 24. h5 g6 25. hxg6 fxg6 26. Bd3 Rh3 27. Kd2 Ba5 28.
Bxg6 e4 29. Bxe4 Nxe4+ 30. fxe4 Nc5 31. Ke2 Bxc3 32. bxc3 Nxe4 33. Be1 Nf6 34.
Rd4 a5 35. c5 Kc8 36. Ra4 Kd7 37. Rd4+ Kc8 38. Ra4 Kd7 39. Rd4+ 1/2-1/2

[Event "2nd Cambridge Int Open"]
[Site "Cambridge ENG"]
[Date "2024.02.23"]
[Round "8.4"]
[White "Roberson, Peter T"]
[Black "Gasanov, Eldar"]
[Result "1-0"]
[WhiteTitle "IM"]
[BlackTitle "GM"]
[WhiteElo "2426"]
[BlackElo "2494"]
[WhiteFideId "412384"]
[BlackFideId "14104466"]
[EventDate "2024.02.19"]

1. e4 c5 2. Nf3 Nc6 3. d4 cxd4 4. Nxd4 e6 5. Nc3 Qc7 6. Ncb5 Qb8 7. Bd3 Nf6 8.
O-O Be7 9. Qe2 Ne5 10. c4 Nxd3 11. Qxd3 O-O 12. Nc3 d6 13. Bg5 Rd8 14. f4 Bd7
15. Rae1 Be8 16. Kh1 Qc7 17. f5 Bd7 18. b3 a6 19. Qh3 Qc5 20. fxe6 fxe6 21. e5
dxe5 22. Nxe6 Qd6 23. Bxf6 Bxe6 24. Bxe7 Qxe7 25. Rxe5 Re8 26. Qg3 Qd7 27. h3
Bf7 28. Rd1 Qc6 29. Rd6 Qc8 30. Rg5 g6 31. Nd5 Bxd5 32. Rgxg6+ hxg6 33. Qxg6+
Kf8 34. Rf6+ 1-0

[Event "2nd Cambridge Int Open"]
[Site "Cambridge ENG"]
[Date "2024.02.23"]
[Round "8.6"]
[White "York-Weaving, Richard"]
[Black "Willow, Jonah B"]
[Result "0-1"]
[WhiteTitle "FM"]
[BlackTitle "IM"]
[WhiteElo "2343"]
[BlackElo "2445"]
[WhiteFideId "401161"]
[BlackFideId "438804"]
[EventDate "2024.02.19"]

1. e4 c5 2. Nf3 e6 3. b3 a6 4. Bb2 Nc6 5. c4 Nf6 6. e5 Ng4 7. h3 Nh6 8. Nc3 Nf5
9. Ne4 Nfd4 10. Nxd4 cxd4 11. f4 d6 12. exd6 f5 13. Ng5 Bxd6 14. Qh5+ g6 15. Qe2
O-O 16. O-O-O Qa5 17. Kb1 Nb4 18. a3 Nc6 19. c5 Bxf4 20. Nxe6 Re8 21. b4 Qa4 22.
Nxf4 Rxe2 23. Bxe2 a5 24. Bc4+ Kf8 25. Nd5 axb4 26. Nb6 Qa5 27. a4 Qxc5 28. Nxa8
Qxc4 29. d3 Qa6 30. Nc7 Qxa4 31. Rhe1 Bd7 32. Nd5 Be6 33. Nb6 Qa2+ 34. Kc1 Na5
35. Re2 Nb3+ 36. Kc2 Nc5 37. Kc1 Qa6 38. Rxe6 Nxe6 39. Nc4 Nc5 40. Ne5 Qb5 41.
Kb1 Na4 42. Re1 Nc3+ 43. Kc1 Qd5 44. Nf3 Qc5 45. Kd2 Qc7 46. Re5 Nb1+ 47. Ke1
Na3 48. Kf1 Nc2 49. Kg1 Qd6 50. Bc1 Ne3 51. Bb2 Nc2 52. Bc1 g5 53. Bxg5 b3 54.
Rxf5+ Kg8 55. Rf6 Qc5 56. Bh6 b2 57. Nd2 Na3 58. Rf1 Qc1 59. g4 b5 60. g5 b4 61.
h4 b3 62. h5 Qxf1+ 63. Kxf1 b1=Q+ 64. Nxb1 Nxb1 65. g6 b2 0-1

[Event "2nd Cambridge Int Open"]
[Site "Cambridge ENG"]
[Date "2024.02.23"]
[Round "8.8"]
[White "Hanache, Kai"]
[Black "Wachinger, Nikolas"]
[Result "0-1"]
[BlackTitle "IM"]
[WhiteElo "1926"]
[BlackElo "2432"]
[WhiteFideId "490105"]
[BlackFideId "12962791"]
[EventDate "2024.02.19"]

1. e4 c5 2. Nf3 d6 3. d4 cxd4 4. Nxd4 Nf6 5. Nc3 a6 6. Be2 e5 7. Nb3 Be7 8. O-O
O-O 9. Be3 Be6 10. Qd3 Nc6 11. a3 Na5 12. Nxa5 Qxa5 13. b4 Qc7 14. Nd5 Bxd5 15.
exd5 Nd7 16. c4 f5 17. Rac1 b6 18. f4 exf4 19. Bxf4 Bf6 20. Kh1 Rae8 21. Bh5 Re4
22. Bg3 Be5 23. c5 bxc5 24. bxc5 Nxc5 25. Qf3 g6 26. Bxe5 Rxe5 27. Bg4 Qe7 28.
Bh3 Re3 29. Qd1 Nd3 30. Rb1 Qe4 31. Rb7 Rxh3 32. Qa1 Ne5 33. Rb4 Qxd5 34. Rd4
Qb7 35. Rb1 Rxa3 0-1

[Event "2nd Cambridge Int Open"]
[Site "Cambridge ENG"]
[Date "2024.02.23"]
[Round "8.10"]
[White "Pert, Richard G"]
[Black "Rida, Ruqayyah"]
[Result "1-0"]
[WhiteTitle "IM"]
[WhiteElo "2413"]
[BlackElo "1770"]
[WhiteFideId "404748"]
[BlackFideId "343272375"]
[EventDate "2024.02.19"]

1. d4 Nf6 2. Nf3 g6 3. g3 Bg7 4. Bg2 O-O 5. O-O d5 6. c4 e6 7. Bg5 h6 8. Bf4 g5
9. Be3 dxc4 10. Na3 Nd5 11. Nxc4 Nc6 12. Qb3 f5 13. Rad1 Qe8 14. Bc1 Nb6 15.
Rfe1 Kh7 16. e4 fxe4 17. Rxe4 Qf7 18. Bxg5 Nxc4 19. Qxc4 Qh5 20. Rh4 Qg6 21. Be3
Bd7 22. Ng5+ Kg8 23. Be4 Qe8 24. Nf3 b5 25. Qc5 Rb8 26. Bxh6 e5 27. Bd5+ 1-0

[Event "2nd Cambridge Int Open"]
[Site "Cambridge ENG"]
[Date "2024.02.23"]
[Round "8.11"]
[White "Wells, Peter K"]
[Black "Fava, Lorenzo"]
[Result "1/2-1/2"]
[WhiteTitle "GM"]
[WhiteElo "2343"]
[BlackElo "2140"]
[WhiteFideId "400327"]
[BlackFideId "2837434"]
[EventDate "2024.02.19"]

1. d4 Nf6 2. c4 e6 3. Nc3 d5 4. Nf3 c6 5. e3 Nbd7 6. Qc2 Bd6 7. Bd3 b6 8. O-O
Bb7 9. e4 dxe4 10. Nxe4 Nxe4 11. Bxe4 Nf6 12. Bg5 Be7 13. Bxf6 Bxf6 14. c5 h6
15. Rfd1 O-O 16. b4 Qc7 17. Rac1 a5 18. a3 axb4 19. axb4 Rfd8 20. g3 bxc5 21.
Qxc5 Be7 22. Qc3 Qb6 23. Rb1 Ra4 24. Ne5 Rxb4 25. Rxb4 Bxb4 26. Qf3 f6 27. Qb3
c5 28. dxc5 Rxd1+ 29. Qxd1 Bxc5 30. Bxb7 Qxb7 31. Qd8+ Kh7 32. Qd3+ f5 33. Qe2
Qd5 34. h4 Bd6 35. Nf3 e5 36. h5 e4 37. Nh4 Be7 38. Ng6 Bg5 39. Kh2 Qd3 40. Qa2
Qf3 41. Nf8+ Kh8 42. Ng6+ Kh7 43. Nf8+ Kh8 44. Ng6+ 1/2-1/2